Every Conn Smythe Trophy Winner, Ever - Statistics

General Stats
  • This quiz has been taken 9 times
  • The average score is 43 of 60
Answer Stats
Hint Answer % Correct
2024 Connor McDavid
100%
2017 Sidney Crosby
100%
2016 Sidney Crosby
100%
1988 Wayne Gretzky
100%
1985 Wayne Gretzky
100%
2018 Alexander Ovechkin
89%
1983 Billy Smith
89%
1994 Brian Leetch
89%
1995 Claude Lemieux
89%
1977 Guy Lafleur
89%
2010 Jonathan Toews
89%
1971 Ken Dryden
89%
1992 Mario Lemieux
89%
1991 Mario Lemieux
89%
1984 Mark Messier
89%
1982 Mike Bossy
89%
2013 Patrick Kane
89%
1998 Steve Yzerman
89%
2022 Cale Makar
78%
2009 Evgeni Malkin
78%
1996 Joe Sakic
78%
2012 Jonathan Quick
78%
2002 Nicklas Lidstrom
78%
2001 Patrick Roy
78%
1993 Patrick Roy
78%
1986 Patrick Roy
78%
1987 Ron Hextall
78%
2000 Scott Stevens
78%
2011 Tim Thomas
78%
1989 Al MacInnis
67%
1975 Bernie Parent
67%
1974 Bernie Parent
67%
2004 Brad Richards
67%
1980 Bryan Trottier
67%
2015 Duncan Keith
67%
2008 Henrik Zetterberg
67%
2003 Jean-Sebastien Giguere
67%
1999 Joe Nieuwendyk
67%
1978 Larry Robinson
67%
1997 Mike Vernon
67%
2020 Victor Hedman
67%
2021 Andrei Vasilevskiy
56%
1990 Bill Ranford
56%
1972 Bobby Orr
56%
1970 Bobby Orr
56%
2006 Cam Ward
56%
1965 Jean Beliveau
56%
2023 Jonathan Marchessault
56%
2014 Justin Williams
56%
1976 Reggie Leach
56%
2019 Ryan O'Reilly
56%
2025 Sam Bennett
56%
2007 Scott Niedermayer
56%
1969 Serge Savard
56%
1973 Yvan Cournoyer
56%
1979 Bob Gainey
44%
1981 Butch Goring
44%
1968 Glenn Hall
44%
1967 Dave Keon
33%
1966 Roger Crozier
33%
No matching quizzes found
Score Distribution
Percent of People with Each Score
Percentile by Number Answered
Your Score History
You have not taken this quiz